Statistics for European Microstates

Click here to take the quiz!

General Stats

  • This quiz has been taken 26 times
  • The average score is 4 of 6

Answer Stats

Sq mAnswer% Correct
181Andorra
80%
0.78Monaco
65%
0.19Vatican City
60%
62Liechtenstein
55%
24San Marino
55%
122Malta
45%

Score Distribution

Percentile by Number Answered

Percent of People with Each Score

Your Score History

You have not taken this quiz